[Event "Napoli Vomero Natale op 4h"]
[Site "Napoli"]
[Date "2007.12.06"]
[Round "4"]
[White "Gallo, Thomas Renato"]
[Black "Benedetto, Massimo"]
[Result "0-1"]
[WhiteElo "1896"]
[BlackElo "2032"]
[PlyCount "110"]
[EventDate "2007.11.15"]
[EventType "swiss"]
[EventRounds "7"]
[EventCountry "ITA"]
[SourceTitle "EXT 2010"]
[Source "ChessBase"]
[SourceDate "2010.11.25"]
[SourceVersion "1"]
[SourceVersionDate "2010.11.25"]
[SourceQuality "1"]

1. d4 g6 2. c4 d6 3. Nc3 Bg7 4. g3 Nc6 5. Nf3 Bg4 6. e3 Qd7 7. Bg2 e5 8. dxe5 Nxe5 9. Qd5 Bxf3 10. Bxf3 c6 11. Qd1 Nxc4 12. Qb3 Ne5 13. Be2 d5 14. Bd2 f5 15. 0-0-0 Nf6 16. Kb1 0-0 17. h3 b5 18. f4 Nc4 19. Bc1 Qe7 20. Rd3 b4 21. Nd1 Ne4 22. Rg1 a5 23. Qa4 Qe6 24. Qc2 Nc5 25. b3 Nxd3 26. bxc4 Nxc1 27. Kxc1 Qf6 28. Kd2 Rfe8 29. Bf3 Rad8 30. Ke2 d4 31. Qb3 dxe3 32. Nxe3 c5 33. Bd5+ Kh8 34. Rd1 Qb2+ 35. Rd2 Qxb3 36. axb3 Bd4 37. Rd3 Kg7 38. Kf3 Rxe3+ 39. Rxe3 Bxe3 40. Kxe3 Kf6 41. g4 Re8+ 42. Kf3 Re1 43. Bc6 Rb1 44. Ba4 fxg4+ 45. hxg4 h5 46. gxh5 gxh5 47. Ke4 Rd1 48. f5 Rd4+ 49. Kf3 Kxf5 50. Kg3 h4+ 51. Kh3 Kg5 52. Kh2 Rd3 53. Kh1 h3 54. Kh2 Kh4 55. Kh1 Kg3 0-1

[Event "Napoli Natale al Vomero 2nd"]
[Site "Napoli"]
[Date "2005.12.01"]
[Round "5"]
[White "Stromboli, Carlo"]
[Black "Benedetto, Massimo"]
[Result "1-0"]
[WhiteElo "2158"]
[BlackElo "1894"]
[PlyCount "83"]
[EventDate "2005.11.03"]
[EventType "swiss"]
[EventRounds "6"]
[EventCountry "ITA"]
[SourceTitle "EXT 2018"]
[Source "ChessBase"]
[SourceDate "2017.10.13"]
[SourceVersion "1"]
[SourceVersionDate "2017.10.13"]
[SourceQuality "1"]

1. e4 c5 2. Nf3 Nc6 3. d4 cxd4 4. Nxd4 Nf6 5. Nc3 d6 6. f3 e5 7. Nb3 Be6 8. Be3 a5 9. Na4 Nd7 10. Be2 Be7 11. 0-0 0-0 12. c4 b6 13. Nc3 Re8 14. Nd5 Bf8 15. Qd2 a4 16. Nc1 Nc5 17. Rb1 f5 18. b4 axb3 19. axb3 f4 20. Bf2 Kh8 21. b4 Nd7 22. Nb3 g5 23. Ra1 Bxd5 24. exd5 Ne7 25. Bd3 Nf6 26. Rxa8 Qxa8 27. Bxb6 Qa3 28. Rb1 Nc8 29. Ba5 e4 30. fxe4 Bg7 31. Qe2 Nd7 32. Qc2 Ne5 33. Ra1 Nf3+ 34. gxf3 Bxa1 35. c5 Be5 36. c6 Qa4 37. b5 h5 38. b6 Bd4+ 39. Nxd4 Qxd4+ 40. Kg2 Qc5 41. Qxc5 dxc5 42. b7 1-0